000 00835nas a2200277 4500
001 BR0101902
003 BR-BrBNA
005 20231205102218.0
007 ta
008 230509b bl.|||p| |||| 00| 00por d
040 _aBR-BrBNA
_bpor
_cBiblioteca Nacional de Agricultura
041 _a(Pt)
072 _aE71
100 1 _aZanella, A.J.
245 1 _aDescaso com o bem-estar animal: fator limitante para a exportacao de carnes e produtos derivados do Brasil para a Uniao Europeia
650 _aCarne
650 _aBovino
650 _aEquino
650 _aCarne Tratada
650 _aEnlatado
650 _aExportacao
650 _aImportacao
773 0 _tHora Veterinaria (Brazil)
_xISSN 0101-9163
_g(Jul-Aug 2000), v. 20(116) p. 28-29
_wBR0101902
909 _a202311
_bLúcia
_c55
_dLúcia Elande
942 _2AGRIS
_n0
_cANA
999 _c166334
_d166334